TV's Funniest Women Quiz Stats

 Plays Quiz Updated Sep 17, 2017

Challenge
Share
Tweet
Score 0/25 Timer 06:00
1 Play Today
% Correct
Betty White
92.8%
Jennifer Aniston
91.8%
Tina Fey
89.3%
Mary Tyler Moore
87.2%
Roseanne Arnold
85.8%
Sarah Jessica Parker
84.9%
Bea Arthur
78.7%
Julia Louis-Dreyfus
77.3%
Helen Hunt
76.3%
Melissa McCarthy
71.8%
Kirstie Alley
69.8%
Debra Messing
64.4%
Candice Bergen
62.1%
% Correct
Shelley Long
61.2%
America Ferrera
58.5%
Valerie Harper
54.4%
Jane Curtin
52.4%
Jean Stapleton
51.1%
Edie Falco
45.7%
Patricia Heaton
45.2%
Rue McClanahan
44.4%
Felicity Huffman
42.2%
Toni Collette
32.3%
Isabel Sanford
22.1%
Cathryn Damon
7.4%

You're not logged in!

Compare scores with friends on all Sporcle quizzes.
Join for Free
OR
Log In

You Might Also Like...

Show Comments

Extras

Top Quizzes Today


Score Distribution

Your Account Isn't Verified!

In order to create a playlist on Sporcle, you need to verify the email address you used during registration. Go to your Sporcle Settings to finish the process.

Report this User

Report this user for behavior that violates our Community Guidelines.

Details: